00515 2200181 4500001002100000005001700021008004100038020002200079035002400101082001100125090001700136100002200153245006300175260003100238300003000269650001400299990002000313YOGYA-1111000000009820111108224433.0 ind  a978-979-709-434-8 0010-111100000000098 a954.94 a954.94 Kun J aKuncahyono, Trias aJalur Gaza : Tanah Terjanji, Intifada dan Perjanjian Etnis aJakartabBuku Kompasc2009 aXLI, 326 hlmbIlusc21 cm aPalestina a887-889-PD/B.11